Estatísticas para Letra da música Voltas - Fernando Daniel

Clique aqui para jogar o quiz

Estatísticas Gerais

  • Esse quiz foi jogado 9 vezes
  • A pontuação média é 164 de 244

Estatísticas das Respostas

Resposta% Correto
E
100%
é
100%
E,
100%
a
89%
de
78%
eu
78%
Eu
78%
o
78%
para
78%
que
78%
Que
78%
se
78%
tu
78%
Andas
67%
Às
67%
às
67%
67%
dar ?
67%
dei
67%
demais?
67%
Esse
67%
estar
67%
foi
67%
67%
67%
mais
67%
meu
67%
mim
67%
mundo
67%
não
67%
não,
67%
nas
67%
Olhas
67%
onde
67%
Onde
67%
pra
67%
Será
67%
sou
67%
tempo
67%
teu
67%
vida
67%
voltas,
67%
voltas
67%
alguém
56%
aproveitar
56%
atrás
56%
capaz ?
56%
corre
56%
entra
56%
esperar
56%
fui
56%
Hoje,
56%
importa
56%
nem
56%
Nesse
56%
ninguém ?
56%
Ou
56%
pensei
56%
penso
56%
prometo
56%
quem
56%
Talvez
56%
tenha
56%
tens
56%
errei
44%
Oh,
44%
podíamos
44%
Vontade
44%

Distribuição das Pontuações

Percentil de Números Respondidos

Porcentagem de Pessoas com Cada Pontuação

Sua Pontuação Histórica

Você não jogou esse quiz